Digging for lost African gods (Record no. 145)
[ view plain ]
| 000 -LEADER | |
|---|---|
| fixed length control field | 00580nam a2200217Ia 4500 |
| 003 - CONTROL NUMBER IDENTIFIER | |
| control field | 0100 |
| 008 - FIXED-LENGTH DATA ELEMENTS--GENERAL INFORMATION | |
| fixed length control field | 130227s9999 xx 000 0 und d |
| 040 ## - CATALOGING SOURCE | |
| Transcribing agency | ARRUPELIB |
| 050 ## - LIBRARY OF CONGRESS CALL NUMBER | |
| Classification number | DT169.K8 |
| 100 ## - MAIN ENTRY--PERSONAL NAME | |
| Personal name | Khum de Prorok, Bryon |
| 9 (RLIN) | 31188 |
| 245 ## - TITLE STATEMENT | |
| Title | Digging for lost African gods |
| 245 ## - TITLE STATEMENT | |
| Remainder of title | The record of five years archaeological excavation in North Africa |
| 260 ## - PUBLICATION, DISTRIBUTION, ETC. (IMPRINT) | |
| Name of publisher, distributor, etc | G. P. Putnam |
| Place of publication, distribution, etc | New York |
| Date of publication, distribution, etc | 1973 |
| 300 ## - PHYSICAL DESCRIPTION | |
| Extent | xv |
| 300 ## - PHYSICAL DESCRIPTION | |
| Other physical details | 369p 23cm |
| 600 ## - SUBJECT ADDED ENTRY--PERSONAL NAME | |
| Personal name | Finaughty, William |
| 9 (RLIN) | 31189 |
| 650 ## - SUBJECT ADDED ENTRY--TOPICAL TERM | |
| Topical term following geographic name as entry element | Elephant hunting |
| Geographic subdivision | Africa, Southern |
| 9 (RLIN) | 31190 |
| 700 ## - ADDED ENTRY--PERSONAL NAME | |
| Personal name | Allen, Edgar Fletcher (tr) |
| 9 (RLIN) | 31191 |
| 942 ## - ADDED ENTRY ELEMENTS (KOHA) | |
| Source of classification or shelving scheme | Library of Congress Classification |
| Item type | Monograph ( Printed materials) |
| Withdrawn status | Lost status | Source of classification or shelving scheme | Damaged status | Not for loan | Collection code | Home library | Current library | Shelving location | Date acquired | Total Checkouts | Full call number | Barcode | Date last seen | Copy number | Price effective from | Koha item type |
|---|---|---|---|---|---|---|---|---|---|---|---|---|---|---|---|---|
| Library of Congress Classification | Main Collection | ARRUPE LIBRARY | ARRUPE LIBRARY | 27/02/2013 | DT169.K8 | 46400425 | 07/12/2017 | 1 | 27/02/2013 | Monograph ( Printed materials) |